000 00642nam a2200181Ia 4500
008 090123s9999 xx 000 0 und d
082 _b36891
100 _aश्रोत्री निशिकांत
245 _aस्त्री आणि आरोग्य
250 _a2
260 _bस्वाती प्रकाशन
_c2004
300 _a242
600 _aश्रोत्री निशिकांत
630 _aस्त्री आणि आरोग्य
700 _aश्रोत्री निशिकांत
730 _aस्त्री आणि आरोग्य
942 _cBOOK
999 _c74959
_d74959